00243nam a22001097a 4500020001500000082001500015100001600030245002700046260003800073300000800111650001400119 a8171100333 a340.58 JOS aJoshi, K.L. aDaya-Bhaga & Mitaksara aDelhibParimal Publicationsc2005 a462 aHindu Law